Literature - European Literature | 4 | 2 | 0 | 0 | 80 | 50 | 76.33 | 2 | 5 |
Literature - British Literature | 3 | 1 | 1 | 0 | 50 | 58 | 77.25 | 4 | 4 |
Literature - American Literature | 0 | 4 | 0 | 0 | 40 | 84 | 96.50 | 0 | 3 |
Other Arts: Visual | 0 | 3 | 0 | 1 | 30 | 103 | 121.67 | 2 | 2 |
History - World History | 0 | 3 | 0 | 3 | 30 | 125 | 134.00 | 0 | 0 |
Beliefs | 0 | 2 | 0 | 1 | 20 | 109 | 122.50 | 0 | 1 |
Other Science: Math | 0 | 2 | 0 | 1 | 20 | 90 | 114.00 | 0 | 1 |
Social Science | 0 | 2 | 0 | 0 | 20 | 94 | 101.50 | 0 | 1 |
Other Science: Earth Science | 0 | 1 | 0 | 0 | 10 | 114 | 114.00 | 0 | 1 |
| 0 | 1 | 0 | 0 | 10 | 130 | 130.00 | 0 | 1 |
History - European History | 0 | 1 | 0 | 1 | 10 | 142 | 142.00 | 0 | 0 |
Fine Arts - Visual Fine Arts | 0 | 1 | 0 | 0 | 10 | 100 | 100.00 | 0 | 1 |
Science - Biology | 0 | 1 | 1 | 0 | 5 | 66 | 66.00 | 1 | 1 |
Science - Chemistry | 0 | 0 | 1 | 0 | -5 | | 0.00 | 0 | 0 |